00337nam a22001217a 4500008004100000020001800041050002600059100002500085245003400110260003600144300001400180650002100194171205b xxu||||| |||| 00| 0 eng d a9789966463173 aAFR PL 8704 .M83 1987 aMwachofi, Ari Katini aMama ee/cAri Katini Mwachofi aNairobi : bE.A E.P., c©1987. avi, 130p. aSwahili language